00676nam a2200193Ia 4500008004100000020001800041082001800059100001900077245010100096250000700197260004400204300002300248500001900271600002000290650002000310942000700330952012800337999001700465240925s9999 xx 000 0 und d a9781118731628 a332.64524 MCC aMccann, Bailey 0aTactical portfolios: strategies and tactics for investing in hedge funds and liquid alternatives aNA aNew Jersey:bJohn wiley & Sonsc,2014. a386p.b0fOriginal aIncludes Index aSocial Sciences aSocial Sciences cBK 001040708SSaUITUbUITUd2018-12-23eBook Stationg340.00l0o332.64524 MCCpQ12485r2024-09-25 07:16:30w2024-09-25yBK c14984d14984